[Event "ENCI Limburg-open A"]
[Site "Maastricht"]
[Date "2012.05.28"]
[Round "6"]
[White "Wagener, Claude"]
[Black "Bekker, Stefan"]
[Result "1/2-1/2"]
[WhiteElo "2264"]
[BlackElo "2175"]
[PlyCount "106"]
[EventDate "2012.05.25"]
[EventType "swiss"]
[EventRounds "7"]
[EventCountry "NED"]
[Source "P.Boonen"]
[SourceDate "2013.01.01"]

1. e4 c5 2. Nf3 d6 3. d4 cxd4 4. Nxd4 Nf6 5. Nc3 a6 6. Bd3 g6 7. O-O Bg7 8. Re1
O-O 9. a4 Nc6 10. Nb3 Be6 11. Bf1 Rc8 12. Nd5 Bxd5 13. exd5 Nb4 14. c4 b5 15.
Bd2 bxc4 16. Bxb4 cxb3 17. Bxa6 Rc2 18. Re2 Qb6 19. Bb5 Nxd5 20. Ba3 Nc7 21.
Bd3 Rxe2 22. Bxe2 Ra8 23. Bc4 Rxa4 24. Rc1 Rxa3 25. bxa3 b2 26. Rb1 e6 27. a4
d5 28. Bd3 Bd4 29. Qc2 e5 30. Rd1 e4 31. Bf1 Bxf2+ 32. Qxf2 b1=Q 33. Rxb1 Qxb1
34. Qc5 Qb7 35. a5 Ne6 36. Qa3 Qa7+ 37. Kh1 Qf2 38. Qa1 e3 39. Qd1 Nf4 40. Qf3
Qxf3 41. gxf3 d4 42. a6 Nd5 43. a7 Nb6 44. f4 Kf8 45. Kg2 Ke7 46. Kf3 f5 47.
Ke2 Kf6 48. h4 h6 49. Kd3 g5 50. hxg5+ hxg5 51. fxg5+ Kxg5 52. Kxd4 f4 53. Be2
Kh4 1/2-1/2

[Event "ENCI Limburg-open A"]
[Site "Maastricht"]
[Date "2012.05.28"]
[Round "6"]
[White "Woestenburg, Jochem"]
[Black "Zilverberg, Jasper"]
[Result "1/2-1/2"]
[WhiteElo "2092"]
[BlackElo "2036"]
[PlyCount "32"]
[EventDate "2012.05.25"]
[EventType "swiss"]
[EventRounds "7"]
[EventCountry "NED"]
[Source "P.Boonen"]
[SourceDate "2013.01.01"]

1. e4 c5 2. Nf3 e6 3. d4 cxd4 4. Nxd4 Nc6 5. Be2 Nf6 6. Nc3 Qc7 7. O-O a6 8.
Kh1 d6 9. f4 Be7 10. Bf3 O-O 11. a4 Rd8 12. Nb3 b6 13. Qe1 Bb7 14. g4 Nb4 15.
Qf2 d5 16. e5 Ne4 1/2-1/2

[Event "ENCI Limburg-open A"]
[Site "Maastricht"]
[Date "2012.05.28"]
[Round "7"]
[White "Bekker, Stefan"]
[Black "Rietman, Frits"]
[Result "1-0"]
[WhiteElo "2175"]
[BlackElo "2262"]
[PlyCount "85"]
[EventDate "2012.05.25"]
[EventType "swiss"]
[EventRounds "7"]
[EventCountry "NED"]
[Source "P.Boonen"]
[SourceDate "2013.01.01"]

1. e4 c5 2. Nc3 d6 3. f4 Nc6 4. Nf3 Bg4 5. Bb5 a6 6. Bxc6+ bxc6 7. d3 Rb8 8.
O-O g6 9. b3 Bg7 10. Bb2 Nf6 11. Qe1 Nd7 12. Nd2 Be6 13. f5 gxf5 14. exf5 Bd4+
15. Kh1 Bd5 16. Nde4 Bxe4 17. Qxe4 d5 18. Qe2 Nf6 19. Na4 Bxb2 20. Nxb2 Qd6 21.
Rae1 Rg8 22. Rf4 Rb4 23. c4 Rb7 24. g3 h5 25. Na4 Rg4 26. Rxg4 Nxg4 27. h3 Nf6
28. Qe3 d4 29. Qe5 Qxe5 30. Rxe5 Nd7 31. Re4 Kf8 32. Rh4 Kg7 33. Rxh5 Rc7 34.
Kg2 Kf6 35. Kf3 Ke5 36. g4 f6 37. Rh8 Kd6 38. Rd8 e6 39. Nb6 exf5 40. gxf5 Ke7
41. Rxd7+ Rxd7 42. Nxd7 Kxd7 43. Kg4 1-0

[Event "ENCI Limburg-open A"]
[Site "Maastricht"]
[Date "2012.05.28"]
[Round "7"]
[White "Beukema, Stefan"]
[Black "Reymann, Cedric"]
[Result "1/2-1/2"]
[WhiteElo "2292"]
[BlackElo "2138"]
[PlyCount "57"]
[EventDate "2012.05.25"]
[EventType "swiss"]
[EventRounds "7"]
[EventCountry "NED"]
[Source "P.Boonen"]
[SourceDate "2013.01.01"]

1. e4 d6 2. d4 Nf6 3. Nc3 Nbd7 4. Nf3 e5 5. Bc4 Be7 6. O-O O-O 7. a4 c6 8. Bb3
b6 9. Qe2 a6 10. Rd1 Qc7 11. Nh4 exd4 12. Nf5 Nc5 13. Nxd4 Nxb3 14. cxb3 d5 15.
exd5 Nxd5 16. Nxd5 cxd5 17. Bf4 Bd6 18. Rac1 Qd7 19. Bxd6 Qxd6 20. Rc6 Qb4 21.
Rc7 a5 22. h3 Ba6 23. Qg4 Rae8 24. Qg3 Re1+ 25. Kh2 Rxd1 26. Nf5 g6 27. Nh6+
Kg7 28. Nf5+ Kg8 29. Nh6+ 1/2-1/2

[Event "ENCI Limburg-open A"]
[Site "Maastricht"]
[Date "2012.05.28"]
[Round "7"]
[White "Bijlsma, Nick"]
[Black "Broekmeulen, Jasper"]
[Result "0-1"]
[WhiteElo "2151"]
[BlackElo "2405"]
[PlyCount "66"]
[EventDate "2012.05.25"]
[EventType "swiss"]
[EventRounds "7"]
[EventCountry "NED"]
[Source "P.Boonen"]
[SourceDate "2013.01.01"]

1. e4 e5 2. Nf3 d6 3. d4 exd4 4. Nxd4 Nf6 5. Nc3 Be7 6. g3 d5 7. e5 Ng4 8. Bg2
c6 9. f4 c5 10. Nb3 d4 11. Ne4 Nc6 12. h3 Nh6 13. O-O Nf5 14. Qe2 Qb6 15. Kh2
h5 16. a4 a5 17. Qb5 Qxb5 18. axb5 Nb4 19. c3 Nc2 20. Rxa5 Rxa5 21. Nxa5 O-O
22. Bf3 Bd7 23. Rf2 Ne1 24. Bxh5 Bxb5 25. b3 Bd3 26. Bd2 Bxe4 27. Bxe1 Ra8 28.
cxd4 b6 29. Nc4 Ra1 30. Rf1 cxd4 31. Nd2 Ne3 32. Rg1 Ra2 33. Be2 Bd5 0-1

[Event "ENCI Limburg-open A"]
[Site "Maastricht"]
[Date "2012.05.28"]
[Round "7"]
[White "Brustkern, Juergen"]
[Black "Schoorl, Rob"]
[Result "0-1"]
[WhiteElo "2244"]
[BlackElo "2317"]
[PlyCount "58"]
[EventDate "2012.05.25"]
[EventType "swiss"]
[EventRounds "7"]
[EventCountry "NED"]
[Source "P.Boonen"]
[SourceDate "2013.01.01"]

1. d4 d5 2. c4 c6 3. Nc3 Nf6 4. Nf3 dxc4 5. a4 Bf5 6. Nh4 Bg4 7. h3 Bh5 8. g4
Bg6 9. Nxg6 hxg6 10. e3 e6 11. Bxc4 Bb4 12. Qf3 Qa5 13. Bd2 Nbd7 14. Bb3 O-O-O
15. O-O-O Nb6 16. h4 Rd7 17. g5 Nfd5 18. Kc2 Bxc3 19. bxc3 c5 20. dxc5 Qxc5 21.
Qe4 Rhd8 22. Qd4 Qc6 23. a5 Nf6 24. Qb4 Nfd5 25. Qd4 Nxe3+ 26. Qxe3 Nc4 27.
Bxc4 Qxc4 28. Rhe1 Rd3 29. Qxa7 Rxd2+ 0-1

[Event "ENCI Limburg-open A"]
[Site "Maastricht"]
[Date "2012.05.28"]
[Round "7"]
[White "Bus, Tom"]
[Black "Jeitz, Christian"]
[Result "0-1"]
[WhiteElo "2138"]
[BlackElo "2212"]
[PlyCount "80"]
[EventDate "2012.05.25"]
[EventType "swiss"]
[EventRounds "7"]
[EventCountry "NED"]
[Source "P.Boonen"]
[SourceDate "2013.01.01"]

1. c4 Nf6 2. g3 g6 3. Bg2 d5 4. cxd5 Nxd5 5. Nc3 Nb6 6. d3 Bg7 7. Be3 N8d7 8.
Qd2 h6 9. Nf3 Nf6 10. O-O Nbd5 11. Bd4 O-O 12. Rac1 c6 13. h3 Nxc3 14. Bxc3 Nd5
15. Bxg7 Kxg7 16. e4 Nf6 17. Qc3 a5 18. Rfe1 a4 19. a3 Qa5 20. d4 Rd8 21. Qe3
Qb6 22. Re2 Be6 23. Rd2 Ra5 24. Ne1 Rb5 25. e5 Ne8 26. Rcc2 Rb3 27. Qf4 Bf5 28.
Rc4 Nc7 29. g4 Ne6 30. Qh2 Bb1 31. d5 cxd5 32. Bxd5 Qa5 33. Rd1 Rxb2 34. Qg2
Ba2 35. Qe4 Bxc4 36. Qxc4 Qc5 37. Nd3 Qxc4 38. Bxc4 Rc2 39. Bb5 Rc3 40. Rb1
Rdxd3 0-1

[Event "ENCI Limburg-open A"]
[Site "Maastricht"]
[Date "2012.05.28"]
[Round "7"]
[White "Clemens, Adrian HP"]
[Black "Knol, Geon"]
[Result "0-1"]
[WhiteElo "2245"]
[BlackElo "2130"]
[PlyCount "70"]
[EventDate "2012.05.25"]
[EventType "swiss"]
[EventRounds "7"]
[EventCountry "NED"]
[Source "P.Boonen"]
[SourceDate "2013.01.01"]

1. d4 Nf6 2. c4 c5 3. d5 b5 4. cxb5 a6 5. b6 Qxb6 6. Nc3 d6 7. Nf3 g6 8. e4 Bg7
9. Nd2 Nfd7 10. a4 a5 11. Bb5 Ba6 12. Nc4 Qd8 13. O-O Bxb5 14. axb5 O-O 15. Bf4
f5 16. exf5 Rxf5 17. Bg3 Nb6 18. Nxb6 Qxb6 19. Bh4 Rh5 20. Qg4 Qb7 21. Rfe1 Qd7
22. Re6 a4 23. Rae1 a3 24. bxa3 Rxa3 25. Nb1 Rb3 26. Bxe7 Rb4 27. f4 Rxd5 28.
Nc3 Bxc3 29. Rxg6+ Kf7 30. Rge6 Bxe1 31. Rf6+ Kxe7 32. Qg7+ Kd8 33. Rf8+ Kc7
34. Rf7 Rb1 35. g4 Bc3+ 0-1

[Event "ENCI Limburg-open A"]
[Site "Maastricht"]
[Date "2012.05.28"]
[Round "7"]
[White "Coenen, Michael"]
[Black "Huesmann, Thomas"]
[Result "1/2-1/2"]
[WhiteElo "2306"]
[BlackElo "2230"]
[PlyCount "154"]
[EventDate "2012.05.25"]
[EventType "swiss"]
[EventRounds "7"]
[EventCountry "NED"]
[Source "P.Boonen"]
[SourceDate "2013.01.01"]

1. e4 e5 2. Nf3 Nc6 3. Bb5 a6 4. Bxc6 dxc6 5. O-O Bg4 6. d3 Qf6 7. Nbd2 Ne7 8.
h3 h5 9. hxg4 hxg4 10. g3 gxf3 11. Qxf3 Qe6 12. Nc4 O-O-O 13. Bd2 f6 14. Bb4
Qh3 15. Qg2 Qh5 16. f3 Ng6 17. Bxf8 Nxf8 18. Kf2 Qf7 19. Rh1 Ne6 20. Rxh8 Rxh8
21. Rh1 Rd8 22. Rh4 Kb8 23. Qh1 Qd7 24. Rh8 Rxh8 25. Qxh8+ Ka7 26. Qh1 Nd4 27.
c3 Ne6 28. Ke2 Nc5 29. Qd1 Ne6 30. Kd2 b6 31. Kc2 g6 32. Qh1 Kb7 33. Ne3 Nc5
34. Qf1 Qf7 35. b3 Ne6 36. Ng4 a5 37. f4 exf4 38. gxf4 a4 39. d4 Qe7 40. Kb2
a3+ 41. Kc2 Nxd4+ 42. cxd4 Qxe4+ 43. Kc3 Qf5 44. Ne3 Qe4 45. Nc2 b5 46. Qf2 Qf5
47. Qf3 Kb6 48. Nb4 Qe6 49. Nd3 Ka5 50. Qh1 Qe2 51. b4+ Kb6 52. Qh8 Kb7 53. Qd8
Qf3 54. Qd7 g5 55. fxg5 fxg5 56. d5 Qxd5 57. Qxd5 cxd5 58. Kd4 Kc6 59. Ke5 g4
60. Nf4 g3 61. Ng2 d4 62. Kxd4 Kd6 63. Nf4 Kc6 64. Ke5 Kb6 65. Nd5+ Kb7 66. Ne3
Kb6 67. Kd5 c6+ 68. Kd4 Kb7 69. Ke4 c5 70. bxc5 b4 71. Kf3 Kc6 72. Kxg3 Kxc5
73. Kf3 Kd4 74. Nc2+ Kc3 75. Nxa3 Kb2 76. Nb5 Kxa2 77. Nd4 b3 1/2-1/2

[Event "ENCI Limburg-open A"]
[Site "Maastricht"]
[Date "2012.05.28"]
[Round "7"]
[White "Dambacher, Martijn"]
[Black "Goes, Sten"]
[Result "1/2-1/2"]
[WhiteElo "2484"]
[BlackElo "2147"]
[PlyCount "115"]
[EventDate "2012.05.25"]
[EventType "swiss"]
[EventRounds "7"]
[EventCountry "NED"]
[Source "P.Boonen"]
[SourceDate "2013.01.01"]

1. d4 Nf6 2. c4 g6 3. Nc3 Bg7 4. e4 d6 5. f3 O-O 6. Nge2 c5 7. d5 a6 8. a4 Nbd7
9. Bg5 h6 10. Be3 Ne5 11. Nc1 e6 12. Qd2 exd5 13. cxd5 Rb8 14. Be2 Kh7 15. Rb1
Qa5 16. N1a2 b5 17. axb5 axb5 18. b4 cxb4 19. Rxb4 Ba6 20. O-O Nfd7 21. f4 Nc4
22. Bxc4 Bxc3 23. Qxc3 bxc4 24. Rxb8 Qxc3 25. Nxc3 Rxb8 26. e5 dxe5 27. fxe5
Nxe5 28. Bd4 Re8 29. Bxe5 Rxe5 30. d6 Re8 31. d7 Rd8 32. Rxf7+ Kg8 33. Rf6 Bb7
34. Rxg6+ Kf7 35. Rxh6 Rxd7 36. Ne2 Be4 37. Kf2 Rb7 38. g4 Rb3 39. Ng3 Bg6 40.
h4 Kg7 41. g5 c3 42. h5 Be8 43. Re6 Kf7 44. Re4 c2 45. Rc4 Rb2 46. Ke3 Rb3+ 47.
Kf2 Rb2 48. Ne2 Bb5 49. Rc7+ Ke6 50. Nd4+ Ke5 51. Rxc2 Rxc2+ 52. Nxc2 Be8 53.
h6 Bg6 54. Ne1 Kf4 55. Nf3 Be4 56. Ke2 Bxf3+ 57. Kd3 Be4+ 58. Kd4 1/2-1/2

[Event "ENCI Limburg-open A"]
[Site "Maastricht"]
[Date "2012.05.28"]
[Round "7"]
[White "De Wit, Albert"]
[Black "Van Gelder, Bart"]
[Result "1/2-1/2"]
[WhiteElo "2042"]
[BlackElo "2166"]
[PlyCount "36"]
[EventDate "2012.05.25"]
[EventType "swiss"]
[EventRounds "7"]
[EventCountry "NED"]
[Source "P.Boonen"]
[SourceDate "2013.01.01"]

1. e4 c6 2. d4 d5 3. exd5 cxd5 4. c4 Nf6 5. Nc3 e6 6. Nf3 Bb4 7. cxd5 Nxd5 8.
Qc2 Nc6 9. a3 Be7 10. Bd3 h6 11. O-O O-O 12. Rd1 Bf6 13. Be4 a6 14. Qe2 Nxc3
15. bxc3 Qa5 16. Bd2 Qh5 17. Rab1 g6 18. h3 Bg7 1/2-1/2

[Event "ENCI Limburg-open A"]
[Site "Maastricht"]
[Date "2012.05.28"]
[Round "7"]
[White "Dekker, Marvin"]
[Black "Broekmeulen, Joris"]
[Result "1/2-1/2"]
[WhiteElo "2083"]
[BlackElo "1999"]
[PlyCount "63"]
[EventDate "2012.05.25"]
[EventType "swiss"]
[EventRounds "7"]
[EventCountry "NED"]
[Source "P.Boonen"]
[SourceDate "2013.01.01"]

1. Nh3 d5 2. g3 e5 3. f4 Bxh3 4. Bxh3 exf4 5. O-O fxg3 6. hxg3 Nf6 7. d4 h6 8.
Nc3 Bd6 9. e4 dxe4 10. Nxe4 Nxe4 11. Qg4 Nf6 12. Qxg7 Rg8 13. Re1+ Be7 14. Qxf6
Nc6 15. Bf4 Qxd4+ 16. Qxd4 Nxd4 17. Re4 Ne6 18. Bxe6 fxe6 19. Rxe6 Kd7 20. Rxh6
Raf8 21. Rd1+ Kc8 22. Kh2 Bg5 23. Bxg5 Rxg5 24. Rh7 b6 25. Kg2 Re5 26. Rd2 Rfe8
27. Rf2 Rg8 28. Rhf7 Kb7 29. R2f3 Re2+ 30. Rf2 Re3 31. R7f3 Re1 32. Rf1 1/2-1/2

[Event "ENCI Limburg-open A"]
[Site "Maastricht"]
[Date "2012.05.28"]
[Round "7"]
[White "Driessens, Patrick"]
[Black "Goudriaan, Etienne"]
[Result "1/2-1/2"]
[WhiteElo "2328"]
[BlackElo "2321"]
[PlyCount "64"]
[EventDate "2012.05.25"]
[EventType "swiss"]
[EventRounds "7"]
[EventCountry "NED"]
[Source "P.Boonen"]
[SourceDate "2013.01.01"]

1. d4 Nf6 2. c4 e6 3. Nf3 d5 4. e3 c5 5. Nc3 a6 6. dxc5 Bxc5 7. a3 O-O 8. b4
Ba7 9. Bb2 Qe7 10. Qc2 Rd8 11. Rd1 Nc6 12. Be2 d4 13. exd4 Nxd4 14. Nxd4 Bxd4
15. O-O e5 16. Na4 Bxb2 17. Rxd8+ Qxd8 18. Qxb2 Qc7 19. c5 Bf5 20. Rd1 h5 21.
Nb6 Rd8 22. Nc4 Rxd1+ 23. Bxd1 e4 24. h3 Be6 25. Qd4 Qf4 26. Qe3 Qf5 27. Nd6
Qe5 28. Bc2 Bd5 29. Bb3 Qa1+ 30. Kh2 Qe5+ 31. Kg1 Qa1+ 32. Kh2 Qe5+ 1/2-1/2

[Event "ENCI Limburg-open A"]
[Site "Maastricht"]
[Date "2012.05.28"]
[Round "7"]
[White "Ducarmon, Renzo"]
[Black "Harff, Wilfried"]
[Result "1/2-1/2"]
[WhiteElo "2047"]
[BlackElo "2187"]
[PlyCount "71"]
[EventDate "2012.05.25"]
[EventType "swiss"]
[EventRounds "7"]
[EventCountry "NED"]
[Source "P.Boonen"]
[SourceDate "2013.01.01"]

1. e4 c5 2. Nf3 Nc6 3. Nc3 g6 4. d4 cxd4 5. Nxd4 Bg7 6. Nf3 a6 7. Bc4 b5 8. Bb3
Bb7 9. O-O Nf6 10. Re1 d6 11. Bg5 h6 12. Bh4 O-O 13. Qd2 g5 14. Bg3 Na5 15.
Rad1 Nxb3 16. cxb3 Qb6 17. Nd5 Bxd5 18. exd5 Rfe8 19. h4 Nh5 20. Bh2 g4 21. Nd4
Qxd4 22. Qxd4 Bxd4 23. Rxd4 Nf6 24. Bf4 Kg7 25. Bd2 Kg6 26. Bc3 h5 27. Rd3 Nd7
28. Rde3 Nb6 29. Rxe7 Rxe7 30. Rxe7 Rc8 31. Ra7 Nxd5 32. Rxa6 Rd8 33. Be5 Nb4
34. Rb6 Nxa2 35. Bxd6 Kh7 36. Kh2 1/2-1/2

[Event "ENCI Limburg-open A"]
[Site "Maastricht"]
[Date "2012.05.28"]
[Round "7"]
[White "Faber, Hugo"]
[Black "Kizilkaya, Mehmet"]
[Result "0-1"]
[WhiteElo "2061"]
[BlackElo "2201"]
[PlyCount "50"]
[EventDate "2012.05.25"]
[EventType "swiss"]
[EventRounds "7"]
[EventCountry "NED"]
[Source "P.Boonen"]
[SourceDate "2013.01.01"]

1. e4 e6 2. d4 d5 3. Nd2 dxe4 4. Nxe4 Nf6 5. Nxf6+ Qxf6 6. Nf3 h6 7. Bd3 Bd6 8.
O-O Bf4 9. Qe2 Bxc1 10. Raxc1 O-O 11. Qe4 g6 12. Ne5 Rd8 13. Rce1 Nd7 14. Re3
Qg7 15. b3 Nxe5 16. dxe5 Rb8 17. h4 h5 18. g4 hxg4 19. Qxg4 Bd7 20. Rg3 Qxe5
21. Bxg6 Kf8 22. Rf3 Be8 23. h5 Ke7 24. Re3 Rd4 25. Be4 f5 0-1

[Event "ENCI Limburg-open A"]
[Site "Maastricht"]
[Date "2012.05.28"]
[Round "7"]
[White "Friesen, Boris"]
[Black "Schilperoort, Jeroen"]
[Result "1-0"]
[WhiteElo "2079"]
[BlackElo "1951"]
[PlyCount "51"]
[EventDate "2012.05.25"]
[EventType "swiss"]
[EventRounds "7"]
[EventCountry "NED"]
[Source "P.Boonen"]
[SourceDate "2013.01.01"]

1. e4 e6 2. d4 d5 3. Nc3 Nc6 4. exd5 exd5 5. Bb5 Bb4 6. Nge2 Nge7 7. O-O O-O 8.
Bg5 h6 9. Bh4 Bf5 10. a3 Bd6 11. Nxd5 Bxh2+ 12. Kxh2 Qxd5 13. c4 Qe4 14. Bg3
Rad8 15. d5 a6 16. Nc3 Qd4 17. dxc6 Qf6 18. Qc1 axb5 19. cxb5 bxc6 20. Bxc7
Qh4+ 21. Kg1 Rd3 22. b6 Bh3 23. Bg3 Rxg3 24. fxg3 Qxg3 25. Qd2 Nf5 26. Rf3 1-0

[Event "ENCI Limburg-open A"]
[Site "Maastricht"]
[Date "2012.05.28"]
[Round "7"]
[White "Gengler, Pierre"]
[Black "Surewaard, Wilbert"]
[Result "1-0"]
[WhiteElo "2153"]
[BlackElo "2157"]
[PlyCount "109"]
[EventDate "2012.05.25"]
[EventType "swiss"]
[EventRounds "7"]
[EventCountry "NED"]
[Source "P.Boonen"]
[SourceDate "2013.01.01"]

1. e4 c5 2. Nf3 Nc6 3. Nc3 Nf6 4. d4 cxd4 5. Nxd4 e5 6. Ndb5 d6 7. Bg5 a6 8.
Na3 b5 9. Nd5 Be7 10. Bxf6 Bxf6 11. c3 Bb7 12. Nc2 O-O 13. a4 bxa4 14. Rxa4 a5
15. Nce3 Bg5 16. Nf5 Ne7 17. h4 Nxd5 18. hxg5 Nf4 19. Qg4 Ne6 20. g6 fxg6 21.
Bc4 Bc8 22. Qh3 h5 23. Nd4 exd4 24. Bxe6+ Kh7 25. Bxc8 Rxc8 26. Rxd4 Qf6 27.
O-O Rb8 28. Rd2 Qf4 29. Qd3 Rf6 30. Re2 Re8 31. b4 axb4 32. cxb4 Qe5 33. b5 Rf4
34. b6 d5 35. Rfe1 dxe4 36. Qd7 Ref8 37. b7 Rh4 38. g3 Rg4 39. Re3 Qb2 40. R3e2
Qe5 41. Re3 Qc5 42. Qa4 Rb8 43. Rb1 Qe5 44. Rb4 Qc5 45. Kg2 Qc7 46. Qb3 Qd6 47.
Qc4 Qe5 48. Qc6 Qe7 49. Rb5 h4 50. Qc8 h3+ 51. Kxh3 Rh4+ 52. gxh4 Rxb7 53. Rxb7
Qxh4+ 54. Kxh4 g5+ 55. Kh5 1-0

[Event "ENCI Limburg-open A"]
[Site "Maastricht"]
[Date "2012.05.28"]
[Round "7"]
[White "Heinichen, Nils"]
[Black "Mueer, Sebastian"]
[Result "0-1"]
[WhiteElo "2054"]
[BlackElo "2237"]
[PlyCount "146"]
[EventDate "2012.05.25"]
[EventType "swiss"]
[EventRounds "7"]
[EventCountry "NED"]
[Source "P.Boonen"]
[SourceDate "2013.01.01"]

1. c4 c5 2. Nc3 Nc6 3. g3 g6 4. Bg2 Bg7 5. Nf3 e5 6. d3 Nge7 7. O-O d6 8. a3
O-O 9. e3 h6 10. Ne1 Be6 11. Nd5 Qd7 12. Nc2 Bh3 13. e4 Bxg2 14. Kxg2 f5 15.
Rb1 Nxd5 16. exd5 Ne7 17. f4 Kh7 18. b4 b6 19. Kh1 Rf7 20. Bd2 Raf8 21. Qe2 Ng8
22. bxc5 bxc5 23. Rb5 Re8 24. Qf2 Nf6 25. h3 Nxd5 26. Rfb1 Nb6 27. Ba5 exf4 28.
gxf4 Qc6+ 29. Kh2 Rfe7 30. Re1 Nd7 31. Rbb1 Nf6 32. Rxe7 Rxe7 33. Ne3 Qe8 34.
Re1 Nh5 35. Nd5 Rxe1 36. Qxe1 Qxe1 37. Bxe1 g5 38. fxg5 Be5+ 39. Kg1 hxg5 40.
Bd2 g4 41. hxg4 fxg4 42. Kg2 Kg7 43. a4 Kf7 44. a5 Ke6 45. Bg5 Kd7 46. Bd2 Kc6
47. Ne7+ Kb7 48. Nd5 Ng7 49. Ne3 Bf4 50. Bc3 Bxe3 51. Bxg7 Bd4 52. Bh6 Be5 53.
Bd2 a6 54. Bg5 Kc6 55. Bh4 Kd7 56. Be1 Ke6 57. Kf1 Kf5 58. Bd2 Bf4 59. Bc3 Be5
60. Bd2 Bb2 61. Kg2 Ba3 62. Bh6 Bb2 63. Bd2 Be5 64. Be1 Ke6 65. Bd2 d5 66. Be3
dxc4 67. dxc4 Bd6 68. Kf2 Kf5 69. Ke2 Ke4 70. Bg1 g3 71. Be3 g2 72. Bg1 Be5 73.
Bxc5 Bh2 0-1

[Event "ENCI Limburg-open A"]
[Site "Maastricht"]
[Date "2012.05.28"]
[Round "7"]
[White "Heinis, Vincent"]
[Black "Woestenburg, Jochem"]
[Result "1/2-1/2"]
[WhiteElo "2141"]
[BlackElo "2092"]
[PlyCount "22"]
[EventDate "2012.05.25"]
[EventType "swiss"]
[EventRounds "7"]
[EventCountry "NED"]
[Source "P.Boonen"]
[SourceDate "2013.01.01"]

1. Nf3 Nf6 2. c4 b6 3. g3 Bb7 4. Bg2 e6 5. O-O c5 6. Nc3 Be7 7. d4 cxd4 8. Qxd4
O-O 9. Bg5 h6 10. Bxf6 Bxf6 11. Qd3 Nc6 1/2-1/2

[Event "ENCI Limburg-open A"]
[Site "Maastricht"]
[Date "2012.05.28"]
[Round "7"]
[White "Holscher, Peter"]
[Black "Lenhardt, Manfred"]
[Result "1/2-1/2"]
[WhiteElo "2089"]
[BlackElo "2127"]
[PlyCount "108"]
[EventDate "2012.05.25"]
[EventType "swiss"]
[EventRounds "7"]
[EventCountry "NED"]
[Source "P.Boonen"]
[SourceDate "2013.01.01"]

1. d4 d5 2. Nf3 Nf6 3. c4 e6 4. Nc3 Be7 5. g3 O-O 6. Bg2 dxc4 7. O-O Nc6 8. e4
Rb8 9. Be3 b5 10. d5 b4 11. dxc6 bxc3 12. bxc3 Qxd1 13. Rfxd1 Nxe4 14. Bxa7 Ra8
15. Bd4 Ra3 16. Nd2 Nxd2 17. Rxd2 Bd6 18. f4 f6 19. Re1 Ra5 20. Bf1 Ra4 21. Rb2
Kf7 22. Bh3 Ra8 23. Rbe2 Re8 24. Rb1 e5 25. Bxc8 exd4 26. Rxe8 Kxe8 27. Bd7+
Kf7 28. cxd4 Rxa2 29. f5 Rc2 30. Be6+ Ke7 31. Bg8 c3 32. Bb3 Rd2 33. Re1+ Kf8
34. Rc1 Bb4 35. d5 Ke7 36. Re1+ Kd8 37. Rc1 Rb2 38. Ba4 Ke7 39. Rc2 Rb1+ 40.
Kf2 Kd6 41. Ke3 Kxd5 42. Kd3 Kc5 43. Re2 Rf1 44. Re7 Ra1 45. Bc2 Rf1 46. Rxc7
Rxf5 47. Rxg7 Kxc6 48. Kc4 Rf2 49. Ba4+ Kd6 50. Kxb4 c2 51. Bxc2 Rxc2 52. Rxh7
Ke5 53. Kb3 Rc1 54. Kb2 Rc8 1/2-1/2

[Event "ENCI Limburg-open A"]
[Site "Maastricht"]
[Date "2012.05.28"]
[Round "7"]
[White "Hovhanisian, Mher"]
[Black "Fier, Alexandr Hilario T"]
[Result "0-1"]
[WhiteElo "2492"]
[BlackElo "2596"]
[PlyCount "64"]
[EventDate "2012.05.25"]
[EventType "swiss"]
[EventRounds "7"]
[EventCountry "NED"]
[Source "P.Boonen"]
[SourceDate "2013.01.01"]

1. Nf3 Nf6 2. g3 g6 3. Bg2 Bg7 4. O-O O-O 5. d4 d6 6. c4 Nc6 7. Nc3 a6 8. Nd5
Ne8 9. b3 b5 10. Ne3 Rb8 11. Bb2 e6 12. Qc1 Ne7 13. Rd1 h6 14. cxb5 axb5 15.
Nc2 Bb7 16. Nb4 f5 17. Ne1 Nf6 18. Bxb7 Rxb7 19. Ng2 g5 20. h4 Nfd5 21. Nxd5
Nxd5 22. hxg5 hxg5 23. e4 fxe4 24. Re1 Qf6 25. Qc2 Nb4 26. Qxe4 Qxf2+ 27. Kh1
Rf6 28. Qxb7 Rh6+ 29. Nh4 Qxg3 30. Qa8+ Kf7 31. Qg2 Qxh4+ 32. Kg1 Bxd4+ 0-1

[Event "ENCI Limburg-open A"]
[Site "Maastricht"]
[Date "2012.05.28"]
[Round "7"]
[White "Jagodzinsky, Andreas"]
[Black "Favier, Alain"]
[Result "1/2-1/2"]
[WhiteElo "2163"]
[BlackElo "2053"]
[PlyCount "21"]
[EventDate "2012.05.25"]
[EventType "swiss"]
[EventRounds "7"]
[EventCountry "NED"]
[Source "P.Boonen"]
[SourceDate "2013.01.01"]

1. c4 Nf6 2. g3 g6 3. Bg2 Bg7 4. Nc3 d6 5. e4 c5 6. Nge2 Nc6 7. d3 Bd7 8. h3 h6
9. Be3 e5 10. Qd2 Nd4 11. f4 1/2-1/2

[Event "ENCI Limburg-open A"]
[Site "Maastricht"]
[Date "2012.05.28"]
[Round "7"]
[White "Klein, Felix"]
[Black "Boer, Alef"]
[Result "1-0"]
[WhiteElo "2286"]
[BlackElo "2153"]
[PlyCount "79"]
[EventDate "2012.05.25"]
[EventType "swiss"]
[EventRounds "7"]
[EventCountry "NED"]
[Source "P.Boonen"]
[SourceDate "2013.01.01"]

1. e4 Nf6 2. e5 Nd5 3. d4 d6 4. Nf3 dxe5 5. Nxe5 c6 6. Bd3 Nd7 7. Nf3 N7f6 8.
O-O Nb4 9. Be2 Bf5 10. Na3 e6 11. c3 Nbd5 12. Nc4 Qc7 13. Nce5 Bd6 14. c4 Ne7
15. c5 Bxe5 16. Nxe5 h6 17. Be3 Ned5 18. a3 O-O 19. b4 Rfd8 20. Qb3 Be4 21.
Rad1 Nd7 22. Nc4 Nxe3 23. fxe3 Bd5 24. Qc2 Bxc4 25. Bxc4 a6 26. e4 Nf8 27. d5
exd5 28. exd5 cxd5 29. Bxd5 Ne6 30. Bxe6 fxe6 31. Qe4 Qe7 32. Qe5 Rxd1 33. Rxd1
Rf8 34. Rd6 Rf6 35. h3 Qe8 36. Kh2 Kf7 37. Rb6 Qd7 38. Qb8 Qd2 39. Rxb7+ Kg6
40. Qg3+ 1-0

[Event "ENCI Limburg-open A"]
[Site "Maastricht"]
[Date "2012.05.28"]
[Round "7"]
[White "Leenhouts, Koen"]
[Black "Ducarmon, Quinten"]
[Result "1/2-1/2"]
[WhiteElo "2384"]
[BlackElo "2368"]
[PlyCount "40"]
[EventDate "2012.05.25"]
[EventType "swiss"]
[EventRounds "7"]
[EventCountry "NED"]
[Source "P.Boonen"]
[SourceDate "2013.01.01"]

1. e4 c6 2. d4 d5 3. exd5 cxd5 4. c4 Nf6 5. Nc3 Nc6 6. Bg5 dxc4 7. Bxc4 h6 8.
Be3 e6 9. Nf3 Be7 10. O-O O-O 11. Rc1 b6 12. Qe2 Bb7 13. a3 Bd6 14. Rfd1 Ne7
15. Ne5 Nfd5 16. Qh5 Rc8 17. Nxd5 Bxd5 18. Ba6 Rxc1 19. Rxc1 Qe8 20. Qe2 Qa8
1/2-1/2

[Event "ENCI Limburg-open A"]
[Site "Maastricht"]
[Date "2012.05.28"]
[Round "7"]
[White "Lenaerts, Lennert"]
[Black "Meurs, Tom"]
[Result "0-1"]
[WhiteElo "2043"]
[BlackElo "2246"]
[PlyCount "64"]
[EventDate "2012.05.25"]
[EventType "swiss"]
[EventRounds "7"]
[EventCountry "NED"]
[Source "P.Boonen"]
[SourceDate "2013.01.01"]

1. c4 e5 2. g3 Nf6 3. Bg2 Nc6 4. Nc3 Bb4 5. e3 Bxc3 6. bxc3 O-O 7. d3 d6 8. Ne2
Be6 9. O-O Qd7 10. e4 Bh3 11. f3 h6 12. Be3 Nh7 13. Qd2 Bxg2 14. Kxg2 f5 15. c5
d5 16. exd5 Qxd5 17. Qc2 Kh8 18. Rad1 f4 19. c4 Qd8 20. gxf4 exf4 21. Nxf4 Qg5+
22. Kh1 Rxf4 23. Qd2 Raf8 24. d4 Qh4 25. Bxf4 Rxf4 26. d5 Ne5 27. d6 cxd6 28.
cxd6 Nf6 29. Qe3 Ned7 30. c5 Rf5 31. Rc1 Re5 32. Qb3 Re2 0-1